000
00272nam a2200097Ia 4500
001
645080
005
20250826153616.0
008
250824s9999 xx 000 0 und d
245
0
_a
SAVAŞ VE BARIŞ ANTİK DÜNYA KLASİKLERİ
_c
TOLSTOY
260
_b
ANTİK DÜNYA KLASİKLERİ
999
_c
645080
_d
645080